European Countries with the Lowest Peak - Statistics

General Stats
  • This quiz has been taken 22 times
  • The average score is 9 of 10
Answer Stats
Hint Answer % Correct
694 m Belgium
100%
322 m Netherlands
100%
318 m Estonia
95%
312 m Latvia
95%
560 m Luxembourg
95%
253 m Malta
95%
161 m Monaco
90%
75 m Vatican
90%
170 m Denmark
85%
739 m San Marino
85%
No matching quizzes found
Score Distribution
Percent of People with Each Score
Percentile by Number Answered
Your Score History
You have not taken this quiz